[Event "RUS-Cup"]
[Site "Moscow"]
[Date "2000.??.??"]
[Round "8"]
[White "Novikov, Yuri A"]
[Black "Nachev, Sergei Y"]
[Result "0-1"]
[WhiteElo "2368"]
[BlackElo "2352"]
[PlyCount "82"]
[EventDate "2000.??.??"]
[EventType "swiss"]
[EventRounds "9"]
[EventCountry "RUS"]
[SourceTitle "EXT 2001"]
[Source "ChessBase"]
[SourceDate "2000.11.22"]
[SourceVersion "1"]
[SourceVersionDate "2000.11.22"]
[SourceQuality "1"]

1. Nf3 f5 2. c4 Nf6 3. Nc3 d6 4. d3 e5 5. e4 Be7 6. Bg5 f4 7. Bxf6 Bxf6 8. Be2 Nc6 9. Nd5 Be6 10. b4 a6 11. Rb1 0-0 12. a4 Nb8 13. Nd2 c6 14. Bg4 Bf7 15. Nc3 Nd7 16. a5 b5 17. 0-0 Be7 18. Qf3 Nf6 19. Qh3 Nxg4 20. Qxg4 h5 21. Qe2 g5 22. f3 Be6 23. h3 Rf7 24. Nd1 g4 25. fxg4 hxg4 26. hxg4 Bh4 27. Nf2 Bg3 28. Nf3 Rh7 29. Rfc1 Bd7 30. c5 Bxf2+ 31. Qxf2 Bxg4 32. cxd6 Bxf3 33. Qxf3 Qxd6 34. Kf1 Rg7 35. d4 Rg3 36. Qe2 Qxd4 37. Rxc6 f3 38. Qa2+ Kg7 39. Rc7+ Kh8 40. Rc2 fxg2+ 41. Rxg2 Rf8+ 0-1

[Event "RUS-Cup"]
[Site "Tula "]
[Date "1999.??.??"]
[Round "9"]
[White "Nachev, Sergei Y"]
[Black "Nikitin, Andrey"]
[Result "1-0"]
[WhiteElo "2325"]
[BlackElo "2418"]
[PlyCount "85"]
[EventDate "1999.??.??"]
[EventType "swiss"]
[EventRounds "9"]
[EventCountry "RUS"]
[SourceTitle "EXT 2000"]
[Source "ChessBase"]
[SourceDate "1999.11.16"]
[SourceVersion "1"]
[SourceVersionDate "1999.11.16"]
[SourceQuality "1"]

1. f4 c5 2. Nf3 g6 3. e4 Nc6 4. d3 Bg7 5. g3 d6 6. Bg2 e6 7. Nc3 Nge7 8. 0-0 b6 9. Ne2 Bb7 10. c3 d5 11. e5 Qd7 12. a3 a5 13. a4 Ba6 14. Re1 0-0 15. Bh3 Kh8 16. g4 f5 17. exf6 Bxf6 18. Ng3 Bg7 19. Ng5 e5 20. f5 Nd8 21. Nf3 Ndc6 22. Bg5 Ng8 23. Nh4 Qd6 24. Bg2 Rae8 25. Qb3 Nce7 26. Rad1 Bf6 27. Bxf6+ Qxf6 28. Nf3 gxf5 29. g5 Qd6 30. Nxe5 f4 31. Nh5 Rd8 32. d4 Ng6 33. Qc2 Bc8 34. Qf2 c4 35. Rf1 Nxe5 36. dxe5 Qxe5 37. Rde1 Qxg5 38. Qd4+ Nf6 39. Re5 Qg6 40. Rxf4 Kg8 41. Nxf6+ Rxf6 42. Rxf6 Qxf6 43. Re8+ 1-0

[Event "RUS-Cup"]
[Site "Tula "]
[Date "1999.??.??"]
[Round "1"]
[White "Nachev, Sergei Y"]
[Black "Ovetchkin, Roman"]
[Result "0-1"]
[WhiteElo "2325"]
[BlackElo "2511"]
[PlyCount "98"]
[EventDate "1999.??.??"]
[EventType "swiss"]
[EventRounds "9"]
[EventCountry "RUS"]
[SourceTitle "EXT 2000"]
[Source "ChessBase"]
[SourceDate "1999.11.16"]
[SourceVersion "1"]
[SourceVersionDate "1999.11.16"]
[SourceQuality "1"]

1. f4 d5 2. Nf3 g6 3. g3 Bg7 4. Bg2 c6 5. Nc3 Qb6 6. d4 Nh6 7. e4 dxe4 8. Nxe4 Nd7 9. 0-0 0-0 10. c3 Nf6 11. Nc5 Qc7 12. Ne5 Nf5 13. g4 Nd6 14. h3 e6 15. Qe2 Nd5 16. c4 Ne7 17. Be3 b6 18. Ne4 Nxe4 19. Bxe4 Rb8 20. b4 f6 21. Nd3 b5 22. Nc5 bxc4 23. Qxc4 Nd5 24. Bd2 f5 25. gxf5 Nb6 26. Qd3 exf5 27. Bg2 Qd6 28. Be3 Re8 29. Rad1 Nd5 30. Bxd5+ Qxd5 31. a3 Be6 32. Bf2 Bf7 33. Rd2 Qd6 34. Qg3 Re7 35. Rfd1 Rbe8 36. Nd3 Re4 37. Ne5 Bd5 38. Rc1 Bh6 39. Be3 a5 40. Rb2 axb4 41. axb4 Ra8 42. Rc3 Ra1+ 43. Kf2 Bf8 44. Rd3 Be7 45. Bd2 Kg7 46. Ra3 Rxa3 47. Qxa3 Qf6 48. Qg3 Qh4 49. b5 Re2+ 0-1

[Event "Saratov Aratovsky Memorial"]
[Site "Saratov"]
[Date "1999.??.??"]
[Round "9"]
[White "Nachev, Sergei Y"]
[Black "Sambuev, Bator"]
[Result "1-0"]
[WhiteElo "2333"]
[BlackElo "2390"]
[PlyCount "49"]
[EventDate "1999.12.??"]
[EventType "swiss"]
[EventRounds "9"]
[EventCountry "RUS"]
[SourceTitle "CBM 073 Extra"]
[Source "ChessBase"]
[SourceDate "2000.01.11"]
[SourceVersion "1"]
[SourceVersionDate "2000.01.11"]
[SourceQuality "1"]

1. f4 Nf6 2. Nf3 d5 3. g3 c5 4. Bg2 b5 5. d3 Bb7 6. 0-0 Nbd7 7. e4 dxe4 8. Ng5 Qb6 9. Nxe4 Nxe4 10. dxe4 c4+ 11. Kh1 e6 12. f5 0-0-0 13. fxe6 Ne5 14. Qh5 Qxe6 15. Bf4 Bd6 16. Nc3 g6 17. Qh4 b4 18. Nd5 f5 19. Rad1 Ng4 20. h3 Ne5 21. exf5 gxf5 22. Rfe1 Kb8 23. Nxb4 Bxg2+ 24. Kxg2 Rhe8 25. Bxe5 1-0

[Event "Saratov Aratovsky Memorial"]
[Site "Saratov"]
[Date "1999.??.??"]
[Round "2"]
[White "Tunik, Gennady"]
[Black "Nachev, Sergei Y"]
[Result "1/2-1/2"]
[WhiteElo "2447"]
[BlackElo "2333"]
[PlyCount "77"]
[EventDate "1999.12.??"]
[EventType "swiss"]
[EventRounds "9"]
[EventCountry "RUS"]
[SourceTitle "CBM 073 Extra"]
[Source "ChessBase"]
[SourceDate "2000.01.11"]
[SourceVersion "1"]
[SourceVersionDate "2000.01.11"]
[SourceQuality "1"]

1. d4 d5 2. c4 dxc4 3. e4 e5 4. Nf3 exd4 5. Bxc4 Nc6 6. 0-0 Be6 7. Bb5 Bc5 8. Nbd2 Qd6 9. Nc4 Bxc4 10. Bxc4 Nge7 11. Re1 f6 12. e5 Nxe5 13. Bf4 0-0-0 14. Nxe5 fxe5 15. Qg4+ Kb8 16. Bxe5 Qg6 17. Qxg6 Nxg6 18. Bxg7 Rhe8 19. g3 c6 20. Kf1 Kc8 21. Rxe8 Rxe8 22. Re1 Rd8 23. Bd3 b5 24. h4 Rd7 25. Bh6 Bd6 26. f4 Rf7 27. Kg2 Ne7 28. Bg5 a6 29. Re6 Nf5 30. Kf3 Kd7 31. Rf6 Rxf6 32. Bxf6 Ke6 33. Bxf5+ Kxf5 34. Bxd4 h5 35. b3 c5 36. Bc3 c4 37. bxc4 bxc4 38. Be1 Bc5 39. Bc3 1/2-1/2

[Event "Saratov Aratovsky Memorial"]
[Site "Saratov"]
[Date "1999.??.??"]
[Round "3"]
[White "Zakharevich, Igor"]
[Black "Nachev, Sergei Y"]
[Result "1-0"]
[WhiteElo "2523"]
[BlackElo "2333"]
[PlyCount "63"]
[EventDate "1999.12.??"]
[EventType "swiss"]
[EventRounds "9"]
[EventCountry "RUS"]
[SourceTitle "CBM 073 Extra"]
[Source "ChessBase"]
[SourceDate "2000.01.11"]
[SourceVersion "1"]
[SourceVersionDate "2000.01.11"]
[SourceQuality "1"]

1. d4 d5 2. Nf3 c5 3. c4 dxc4 4. Nc3 e6 5. e4 cxd4 6. Qxd4 Qxd4 7. Nxd4 a6 8. Bxc4 b5 9. Be2 Bb7 10. Be3 Nf6 11. f3 Nc6 12. Nb3 Nd7 13. Kf2 Be7 14. Rhd1 0-0-0 15. a4 b4 16. Nb5 Nde5 17. Na7+ Kb8 18. Nxc6+ Nxc6 19. Nc5 Bxc5 20. Bxc5 Rxd1 21. Rxd1 Kc7 22. Bd6+ Kb6 23. Rc1 a5 24. Ke3 Bc8 25. Rc5 Bd7 26. Rb5+ Ka7 27. Bc7 Rc8 28. Bb6+ Ka8 29. e5 Rb8 30. f4 Nxe5 31. fxe5 Bxb5 32. Bf3+ 1-0

[Event "Moscow Alekhine op"]
[Site "Moscow"]
[Date "1996.??.??"]
[Round "8"]
[White "Galkin, Alexander"]
[Black "Nachev, Sergei Y"]
[Result "1-0"]
[WhiteElo "2420"]
[BlackElo "2250"]
[PlyCount "75"]
[EventDate "1996.??.??"]
[EventType "swiss"]
[EventRounds "9"]
[EventCountry "RUS"]
[SourceTitle "EXT 1998"]
[Source "ChessBase"]
[SourceDate "1997.11.17"]
[SourceVersion "1"]
[SourceVersionDate "1997.11.17"]
[SourceQuality "1"]

1. e4 e5 2. Nf3 Nc6 3. Bb5 a6 4. Ba4 Nf6 5. 0-0 Be7 6. Re1 b5 7. Bb3 d6 8. c3 0-0 9. h3 Bb7 10. d4 Re8 11. Ng5 Rf8 12. Nf3 Re8 13. Nbd2 Bf8 14. a4 h6 15. Bc2 exd4 16. cxd4 Nb4 17. Bb1 c5 18. d5 Nd7 19. Ra3 f5 20. Nh2 Nf6 21. exf5 Bxd5 22. Ng4 Rxe1+ 23. Qxe1 Bf7 24. Nxf6+ gxf6 25. Nf3 Kh7 26. Nh4 Bg7 27. Ng6 Bxg6 28. fxg6+ Kh8 29. Qe4 Qf8 30. Bxh6 Re8 31. Bxg7+ Kxg7 32. Qh4 Re1+ 33. Kh2 Qh8 34. Qg4 Qe8 35. Bf5 bxa4 36. Rg3 Re7 37. Qh4 Qh8 38. Qh7+ 1-0

[Event "Moscow-ch"]
[Site "Moscow"]
[Date "1996.??.??"]
[Round "8"]
[White "Gavrilov, Alexei"]
[Black "Nachev, Sergei Y"]
[Result "1-0"]
[WhiteElo "2445"]
[BlackElo "2285"]
[PlyCount "73"]
[EventDate "1996.08.??"]
[EventType "swiss"]
[EventRounds "11"]
[EventCountry "RUS"]
[SourceTitle "CBM 055 Extra"]
[Source "ChessBase"]
[SourceDate "1997.01.01"]
[SourceVersion "1"]
[SourceVersionDate "1997.01.01"]
[SourceQuality "1"]

1. d4 d5 2. c4 c6 3. e3 Nf6 4. Nc3 Bf5 5. cxd5 Nxd5 6. Bc4 e6 7. Nge2 g5 8. e4 Nxc3 9. Nxc3 Bg6 10. Be3 Nd7 11. Qd2 b5 12. Bd3 Be7 13. 0-0 a6 14. Rad1 b4 15. Na4 Qa5 16. b3 0-0 17. d5 cxd5 18. exd5 e5 19. d6 Bd8 20. Bxg6 hxg6 21. Bxg5 f6 22. Be3 Qb5 23. f4 e4 24. f5 g5 25. Qc2 Re8 26. Rd4 a5 27. Rxe4 Ne5 28. Bd4 Nf7 29. Qc4 Qd7 30. Nc5 Qc6 31. Rxe8+ Qxe8 32. Qd5 Ra7 33. Ne4 Ra6 34. Bxf6 Bb6+ 35. Kh1 Qa8 36. Qe6 Be3 37. Be7 1-0

[Event "Moscow-ch"]
[Site "Moscow"]
[Date "1996.??.??"]
[Round "5"]
[White "Nachev, Sergei Y"]
[Black "Baikov, Vladimir A"]
[Result "1-0"]
[WhiteElo "2285"]
[BlackElo "2470"]
[PlyCount "43"]
[EventDate "1996.08.??"]
[EventType "swiss"]
[EventRounds "11"]
[EventCountry "RUS"]
[SourceTitle "CBM 055 Extra"]
[Source "ChessBase"]
[SourceDate "1997.01.01"]
[SourceVersion "1"]
[SourceVersionDate "1997.01.01"]
[SourceQuality "1"]

1. d4 Nf6 2. c4 g6 3. Nc3 d5 4. cxd5 Nxd5 5. e4 Nxc3 6. bxc3 Bg7 7. Nf3 0-0 8. Rb1 c5 9. Be2 Nc6 10. d5 Ne5 11. Nxe5 Bxe5 12. Qd2 e6 13. f4 Bc7 14. 0-0 Ba5 15. d6 e5 16. fxe5 b6 17. Qh6 Be6 18. Bg5 f6 19. Bxf6 Rxf6 20. Rxf6 Bxa2 21. Rbf1 Bxc3 22. d7 1-0

[Event "Moscow-ch"]
[Site "Moscow"]
[Date "1996.??.??"]
[Round "6"]
[White "Stepovoj, Vladimir"]
[Black "Nachev, Sergei Y"]
[Result "0-1"]
[WhiteElo "2405"]
[BlackElo "2285"]
[PlyCount "68"]
[EventDate "1996.08.??"]
[EventType "swiss"]
[EventRounds "11"]
[EventCountry "RUS"]
[SourceTitle "CBM 055 Extra"]
[Source "ChessBase"]
[SourceDate "1997.01.01"]
[SourceVersion "1"]
[SourceVersionDate "1997.01.01"]
[SourceQuality "1"]

1. e4 e5 2. Nf3 Nc6 3. Nc3 Nf6 4. d4 exd4 5. Nxd4 Bc5 6. Nxc6 bxc6 7. Bd3 d5 8. exd5 cxd5 9. Qe2+ Qe7 10. Bb5+ Bd7 11. Bxd7+ Nxd7 12. Qxe7+ Kxe7 13. Bd2 Nb6 14. 0-0-0 c6 15. Rhe1+ Kd7 16. a3 Bd6 17. Be3 Nc4 18. g3 Rhb8 19. Na4 Rb5 20. b4 a5 21. Nc5+ Kc7 22. Nb3 axb4 23. a4 Rxa4 24. Bd4 f6 25. Re8 c5 26. Be3 Nxe3 27. fxe3 c4 28. Nd4 Rb7 29. Kd2 Ra2 30. Rg8 g6 31. Rb1 Bc5 32. Rh8 Bxd4 33. exd4 b3 34. Rxh7+ Kc6 0-1